Países por taxa de natalidade - Statistics

Estatísticas Gerais
  • Esse quiz foi jogado 66 vezes
  • A pontuação média é 15 de 30
Estatísticas das Respostas
Taxa de Natalidade (a cada 1.000 pessoas) País % Correto
103.58 Níger
90%
40.20 Nigéria
90%
42.96 Rep. do Congo
77%
44.51 Angola
70%
44.60 Somália
70%
42.35 Chade
65%
50.94 Mali
65%
38.54 Moçambique
65%
48.12 Uganda
65%
40.78 Zâmbia
65%
41.53 Guiné
63%
38.94 Quênia
62%
40,16 Ruanda
60%
38.86 Gâmbia
57%
37.40 Senegal
57%
41.97 Burundi
55%
45.28 Burkina Faso
52%
43.75 Libéria
52%
40.56 Mauritânia
47%
38.10 Benin
45%
45.41 Serra Leoa
45%
42.09 Malawi
43%
39.07 Djibouti
42%
38.60 Madagascar
40%
46.21 Afeganistão
22%
40.35 Mayotte (França)
22%
42.67 Iêmen
18%
39.72 São Tomé e Príncipe
17%
38.90 Faixa de Gaza (Palestina)
15%
42.96 Rep. Democrática do Congo
13%
Nenhum quiz correspondente encontrado
Distribuição das Pontuações
Porcentagem de Pessoas com Cada Pontuação
Percentil de Números Respondidos
Sua Pontuação Histórica
Você não jogou esse quiz